Aktualizácia Národného plánu zavedenia eura v SR na roky 2007-2009

Prehľad už vykonaných krokov. Zavedenie eura v SR - základné zásady, harmonogram prijatia eura, východiská Národného plánu. Inštitucionálne zabezpečenie zavedenia eura v SR. Zhrnutie úloh v jednotlivých sektoroch.

Enregistré dans:
Détails bibliographiques
Format: Chapitre de livre
Langue:slovaque
Sujets:
Tags: Ajouter un tag
Pas de tags, Soyez le premier à ajouter un tag!

MARC

LEADER 00000naa$a2200000$$$4500
001 0075479
005 20231106073711.1
041 0 |a slo 
044 |a SK 
245 1 0 |a Aktualizácia Národného plánu zavedenia eura v SR na roky 2007-2009 
520 |a Prehľad už vykonaných krokov. Zavedenie eura v SR - základné zásady, harmonogram prijatia eura, východiská Národného plánu. Inštitucionálne zabezpečenie zavedenia eura v SR. Zhrnutie úloh v jednotlivých sektoroch. 
610 2 0 |a euro 
610 2 0 |a euromena 
610 2 0 |a Slovensko 
610 2 0 |a harmonogramy 
610 2 0 |a 2007-2009